[Event "Druzynowe Mistrzostwa Polski II Liga"]
[Site "Szklarska Poreba"]
[Date "1899-12-30"]
[Round "8.15"]
[White "Sycz, Dariusz"]
[Black "Walach, Marcin"]
[Result "1/2-1/2"]
[WhiteTitle "k"]
[BlackTitle "FM"]
[WhiteElo "2182"]
[BlackElo "2320"]

1. d4 Nf6 2. Nf3 g6 3. c4 Bg7 4. g3 c6 5. Bg2 d5 6. Nbd2 O-O 7. O-O Bf5 8. b3 Ne4
9. Bb2 Qa5 10. Nxe4 Bxe4 11. Ne1 Bxg2 12. Nxg2 dxc4 13. bxc4 Rd8 14. Qb3 Qb6 15.
c5 Qxb3 16. axb3 Na6 17. e3 Nxc5 18. Ba3 Nxb3 19. Ra2 a5 20. Rb1 a4 21. Bxe7 Re8
22. Bd6 Bf8 23. Bxf8 Kxf8 24. Nf4 b5 25. Nd3 Rac8 26. Rc2 Red8 27. Kf1 f6 28.
Ke2 Kf7 29. Rc3 Rd6 30. h4 h5 31. Rb2 Re8 32. Kd1 Rb8 33. Kc2 Ke7 34. Kb1 Ra8
1/2-1/2

[Event "Druzynowe Mistrzostwa Polski II Liga"]
[Site "Szklarska Poreba"]
[Date "1899-12-30"]
[Round "8.16"]
[White "Wolynski, Krzysztof"]
[Black "Pulik, Krzysztof"]
[Result "1-0"]
[WhiteTitle "I++"]
[BlackTitle "k"]
[WhiteElo "2118"]
[BlackElo "2134"]

1. d4 d5 2. c4 e6 3. Nc3 c5 4. Nf3 Nc6 5. Bf4 cxd4 6. Nxd4 Bb4 7. cxd5 Qxd5 8.
Nxc6 Bxc3+ 9. bxc3 Qxc6 10. Qb3 Ne7 11. f3 O-O 12. e4 Ng6 13. Be3 e5 14. Bb5 Qf6
15. O-O Be6 16. Qb2 Rfc8 17. Rac1 Nf4 18. Rfd1 Qe7 19. g3 Ng6 20. Qe2 a6 21. Bd3
Nf8 22. Rc2 Nd7 23. Qf1 Qa3 24. Bc1 Qa4 25. Bd2 b5 26. Rdc1 Nb6 27. Be3 Nc4 28.
Bxc4 Rxc4 29. Qd3 Qa3 30. Qe2 Rac8 31. Bd2 h6 32. Be1 Qc5+ 33. Qf2 Qc6 34. a3
f5 35. exf5 Bxf5 36. Re2 e4 37. f4 Qd6 38. Ra1 Qe6 39. Re3 Rd8 40. Kg2 Bg4 41.
Kg1 Qd7 42. Qf1 Bf3 43. a4 Rxa4 44. Rxa4 bxa4 45. Qxa6 Qd1 46. Qe6+ Kh8 47. Qa2
Qb3 48. Qf2 Rd1 49. c4 Qxc4 50. f5 Qd4 51. Kf1 Qa1 52. Qc2 Qd4 53. Qc8+ Kh7 54.
Qc6 Qd7 55. Qxd7 Rxd7 56. Ra3 Bd1 57. Kf2 Bb3 58. Ke3 Rd1 59. Bb4 Rc1 60. h4 Rc4
61. Bd6 Kg8 62. Be5 Kf7 63. Bd4 Rb4 64. Bc3 Rb5 65. Kf4 e3 66. Kxe3 Rxf5 67. Bb4
Rf1 68. Bd6 Ke6 69. Bb4 g6 70. Bc3 Rg1 71. Kf2 Rc1 72. Bg7 h5 73. Ra1 Rc7 74.
Bd4 Kd5 75. Bh8 Ke4 76. Re1+ Kd3 77. Ra1 Rf7+ 78. Ke1 Kc2 79. Bd4 Rd7 80. Bc5
Kb2 81. Ra3 Rd5 82. Bf8 Rf5 83. Bd6 Rf3 84. Kd2 Rf1 85. Bb4 Rd1+ 86. Ke2 Rd4 87.
Bc5 Rc4 88. Bd6 Rc6 89. Bb4 Rc2+ 90. Ke3 Rc1 91. Ke2 Rg1 92. Bd6 Rd1 93. Rxb3+
axb3 94. Kxd1 Ka2 95. Be5 b2 96. Bxb2 Kxb2 97. Kd2 Kb3 98. Kd3 Kb2 99. Kd4 Kc2
100. Ke5 Kd3 101. Kf6 Ke4 102. Kxg6 Kf3 103. Kxh5 Kxg3 104. Kg5 1-0

[Event "Druzynowe Mistrzostwa Polski II Liga"]
[Site "Szklarska Poreba"]
[Date "1899-12-30"]
[Round "8.17"]
[White "Wozniak, Maciej"]
[Black "Cieslak, Patrycjusz"]
[Result "1-0"]
[WhiteTitle "k"]
[BlackTitle "I"]
[WhiteElo "2053"]
[BlackElo "1988"]

1. e4 e6 2. d4 d5 3. Nd2 dxe4 4. Nxe4 Nf6 5. Nxf6+ Qxf6 6. Nf3 h6 7. Bd3 Bd6 8.
Qe2 Nd7 9. O-O O-O 10. Qe4 Re8 11. Qh7+ Kf8 12. Re1 Ke7 13. Bd2 Nf8 14. Qe4 Ng6
15. Ne5 Nh4 16. Re3 Rd8 17. Rae1 c6 18. g3 Nf5 19. Ng4 Qxd4 20. Qxf5 Qxb2 21.
Ne5 Bxe5 22. Qxe5 Qxe5 23. Rxe5 b6 24. f4 Rb8 25. Bc3 Rd6 26. R5e3 Kf8 27. Be5
1-0

[Event "Druzynowe Mistrzostwa Polski II Liga"]
[Site "Szklarska Poreba"]
[Date "1899-12-30"]
[Round "8.18"]
[White "Cieslak, Wiktoria"]
[Black "Krzyzanowska-zadlo, Lidia"]
[Result "1-0"]
[WhiteTitle "k++"]
[BlackTitle "k"]
[WhiteElo "1824"]
[BlackElo "1842"]

1. e4 c5 2. Nf3 e6 3. d4 cxd4 4. Nxd4 Nf6 5. Nc3 Nc6 6. Ndb5 d6 7. Bf4 e5 8. Bg5
a6 9. Na3 Be6 10. Nc4 b5 11. Bxf6 gxf6 12. Ne3 Ne7 13. a4 b4 14. Ncd5 Nxd5 15.
Nxd5 Bxd5 16. Qxd5 Ra7 17. Bxa6 Qb6 18. Bb5+ Ke7 19. Bc4 Ke8 20. a5 Qc5 21. a6
Qxd5 22. Bxd5 Bh6 23. Ra4 Ke7 24. Rxb4 Rc8 25. Rb7+ Rc7 26. Rxc7+ Rxc7 27. Bb7
Rxc2 28. O-O Rxb2 29. Ra1 Ke8 1-0

[Event "Druzynowe Mistrzostwa Polski II Liga"]
[Site "Szklarska Poreba"]
[Date "1899-12-30"]
[Round "8.19"]
[White "Niekras, Dawid"]
[Black "Kolago, Marcin"]
[Result "1/2-1/2"]
[WhiteTitle "FM"]
[BlackTitle "m"]
[WhiteElo "2313"]
[BlackElo "2347"]

1. e4 d5 2. exd5 Qxd5 3. Nc3 Qa5 4. d4 Nf6 5. Nf3 Bf5 6. Bd2 e6 7. Bc4 Bb4 8. a3
Bxc3 9. Bxc3 Qb6 10. O-O O-O 11. Re1 Nc6 12. b4 Rfd8 13. b5 Ne7 14. Bf1 c5 15.
dxc5 Qxc5 16. Bb4 Qc7 17. Qc1 Ned5 18. c4 Nf4 19. Ne5 Nd3 20. Bxd3 Bxd3 21. Qf4
Bf5 22. h3 Rac8 23. g4 Bg6 24. Nxg6 hxg6 25. Qxc7 Rxc7 26. Red1 Rdc8 27. Rac1
Nd5 28. c5 a6 29. c6 bxc6 30. Ba5 axb5 31. Bxc7 Rxc7 32. Rc5 g5 33. Rdc1 Ra7 34.
Rxc6 Rxa3 35. Rc8+ Kh7 36. Kh2 b4 37. Rb1 Rf3 38. Kg2 Rf4 39. Rb3 Kg6 40. Rc2
Rd4 41. Rc5 Nf4+ 42. Kg3 Ne2+ 43. Kg2 Nc3 44. Rc7 Nd5 45. Rb7 f5 46. gxf5+ exf5
47. Kh2 Kf6 48. Rd7 g6 49. Rd6+ Kg7 50. Rd8 Kf6 51. Rd6+ Kg7 52. Rd8 Kf6 53. Rd6+
Ke5 1/2-1/2

[Event "Druzynowe Mistrzostwa Polski II Liga"]
[Site "Szklarska Poreba"]
[Date "1899-12-30"]
[Round "8.20"]
[White "Wiewiora, Eneasz"]
[Black "Zakrzewski, Marek"]
[Result "0-1"]
[WhiteTitle "FM"]
[BlackTitle "k"]
[WhiteElo "2325"]
[BlackElo "2249"]

1. d4 Nf6 2. c4 e6 3. Nc3 Bb4 4. e3 O-O 5. Bd3 d5 6. Nf3 c5 7. O-O dxc4 8. Bxc4
Nbd7 9. Qe2 b6 10. Rd1 cxd4 11. exd4 Bxc3 12. bxc3 Qc7 13. Ne5 Bb7 14. Nxd7 Nxd7
15. Bd2 Rac8 16. Bb3 Bd5 17. Rac1 Qc6 18. f3 b5 19. Qf2 a5 20. Qh4 Bxb3 21. axb3
Qd5 22. c4 bxc4 23. bxc4 Rxc4 24. Rxc4 Qxc4 25. Bxa5 Nf6 26. Qf4 Nd5 27. Qc1 Qa6
28. Be1 Rc8 29. Qd2 Qa4 30. Bf2 Nc3 31. Re1 h6 32. h3 Nd5 33. Rc1 Ra8 34. Kh2
Qb5 35. Rc5 Qb8+ 36. Bg3 Qb3 37. Ra5 Rxa5 38. Qxa5 Qb2 39. Qe1 Qxd4 40. Be5 Qd3
41. Bg3 Kh7 42. h4 Ne3 43. Bf2 Nf5 44. g4 Nd6 45. Kg2 h5 46. gxh5 Qd5 47. Qb1+
Nf5 48. Qc2 f6 49. Qc7 Qd2 50. Kf1 Ne3+ 51. Bxe3 Qxe3 52. Qg3 Qd3+ 53. Kg2 Qf5
54. Qg4 Kh6 55. Kg3 Kh7 56. Kg2 Qc2+ 57. Kg3 Qc7+ 58. Kg2 Qf7 59. Kg3 Kh6 60.
f4 Qe8 61. Kf2 Qxh5 62. Qxe6 Qxh4+ 63. Kf3 Qh2 64. Qc8 Qh1+ 65. Kg3 Qg1+ 66. Kf3
Qf1+ 67. Kg3 Qd3+ 68. Kg4 Qe2+ 69. Kg3 Kg6 70. Qd7 Qe3+ 71. Kg4 Qg1+ 72. Kf3 Qf1+
73. Kg3 Qe2 74. Qc8 Qd3+ 75. Kg4 f5+ 76. Kh4 Qe4 77. Qa6+ Kf7 78. Qa7+ Kf6 79.
Qb6+ Kf7 80. Qc7+ Kg8 81. Kg5 Qe6 82. Qd8+ Kh7 83. Kh4 Qe2 84. Kg3 Qg4+ 85. Kf2
Qxf4+ 86. Kg2 Qe4+ 87. Kf2 Kg6 88. Qd6+ Kh5 89. Qf8 g5 90. Qh8+ Kg4 91. Qc8 Qf3+
92. Kg1 Qe2 93. Qd7 Kg3 94. Qc7+ f4 95. Qc3+ Qe3+ 0-1

[Event "Druzynowe Mistrzostwa Polski II Liga"]
[Site "Szklarska Poreba"]
[Date "1899-12-30"]
[Round "8.21"]
[White "Zadymov, Ihor"]
[Black "Mulet, Piotr"]
[Result "1-0"]
[WhiteTitle "II+"]
[BlackTitle "FM"]
[WhiteElo "2090"]
[BlackElo "2323"]

1. e4 e6 2. d4 d5 3. Nc3 Bb4 4. Nge2 dxe4 5. a3 Be7 6. Nxe4 Nf6 7. Qd3 Nbd7 8.
Bf4 Nxe4 9. Qxe4 Nf6 10. Qf3 O-O 11. O-O-O c6 12. Nc3 Bd7 13. h4 b5 14. h5 Nd5
15. Be5 f6 16. Bg3 a5 17. Ne4 f5 18. Nc5 f4 19. Bh4 Bxh4 20. Nxd7 Qxd7 21. Rxh4
b4 22. a4 c5 23. Bb5 Qe7 24. Rhh1 cxd4 25. Rxd4 Rac8 26. h6 gxh6 27. Qg4+ Kh8
28. Rxh6 Nf6 29. Qh4 Rf7 30. Rxf4 b3 31. Bd3 Qd6 32. Rxh7+ Nxh7 33. Rxf7 Qxd3
34. Rf8+ Rxf8 35. cxd3 Rc8+ 36. Kd2 Kg8 37. Qg4+ Kf7 38. Qf3+ Kg8 39. Qg4+ Kf7
40. Qh5+ Kg7 41. Qe5+ Kf7 42. Qh5+ Kg7 43. Qxa5 Rc2+ 44. Ke3 Nf6 45. Qe5 Kf7 46.
Kf3 Rxf2+ 47. Kg3 Rf5 48. Qc7+ Kg6 49. a5 Nh5+ 50. Kh2 Nf4 51. g4 Rf7 52. Qe5
Nxd3 53. Qe4+ Kg5 54. Qxd3 Rf2+ 55. Kg3 Rxb2 56. Qe3+ 1-0

[Event "Druzynowe Mistrzostwa Polski II Liga"]
[Site "Szklarska Poreba"]
[Date "1899-12-30"]
[Round "8.22"]
[White "Jaroch, Karol"]
[Black "Bajerlein, Dawid"]
[Result "1-0"]
[WhiteTitle "m"]
[BlackTitle "k"]
[WhiteElo "2200"]
[BlackElo "2044"]

1. Nf3 Nf6 2. c4 d6 3. g3 g6 4. Bg2 Bg7 5. O-O O-O 6. d4 Nbd7 7. Nc3 e5 8. Qc2
c6 9. Rd1 Qc7 10. b3 exd4 11. Nxd4 a5 12. e4 Nc5 13. Bf4 Rd8 14. Rd2 Ng4 15. Rad1
Ne5 16. h3 h6 17. Be3 Bf8 18. f4 Ned7 19. Kh2 Na6 20. Rf2 Bg7 21. a3 Kh7 22. Rfd2
Ndc5 23. Qb1 Qe7 24. b4 axb4 25. axb4 Ne6 26. Nde2 Nac7 27. Qb3 Nf8 28. e5 d5
29. cxd5 cxd5 30. Bc5 Qe8 31. Nxd5 Nxd5 32. Rxd5 Be6 33. Rxd8 Rxd8 34. Rxd8 Qxd8
35. Qf3 b6 36. Bd6 Qc8 37. Nd4 Qc4 38. Qe3 Bd5 39. Nf3 Ne6 40. h4 b5 41. h5 Bf8
42. hxg6+ fxg6 43. Bxf8 Nxf8 44. Qd4 Ne6 45. Qxd5 Qxd5 46. Ng5+ hxg5 47. Bxd5
Nc7 48. Bc6 gxf4 49. gxf4 Kg7 50. Kg3 Na6 51. Bxb5 Nxb4 52. Kg4 Nc2 53. Kg5 Nd4
54. Bc4 Nf3+ 55. Kg4 Nd4 56. Bd5 Kh6 57. Bf7 Kg7 58. Be8 Kh6 59. Bd7 Kg7 60. Kh4
Kh6 61. Bg4 Nc6 62. Bf3 Nd4 63. Be4 Ne6 64. Kg3 Nd4 65. Kf2 Kg7 66. Ke3 Ne6 67.
Bd5 Nc5 68. Kd4 Nd7 69. Be6 Nf8 70. Bb3 Nd7 71. Kd5 g5 72. fxg5 Kg6 73. e6 Nb6+
74. Kc6 Nc8 75. Kd7 Nb6+ 76. Kc7 1-0

[Event "Druzynowe Mistrzostwa Polski II Liga"]
[Site "Szklarska Poreba"]
[Date "1899-12-30"]
[Round "8.23"]
[White "Hemmerling, Jaroslaw"]
[Black "Samborski, Henryk"]
[Result "1/2-1/2"]
[WhiteTitle "I++"]
[BlackTitle "k"]
[WhiteElo "1920"]
[BlackElo "2093"]

1. e4 g6 2. d4 Bg7 3. Nf3 c5 4. c4 cxd4 5. Nxd4 Nc6 6. Be3 Nf6 7. Nc3 Ng4 8. Qxg4
Nxd4 9. Qd1 Nc6 10. Be2 d6 11. O-O O-O 12. Qd2 Re8 13. Rfd1 Be6 14. h3 Qa5 15.
Rac1 Rec8 16. b3 a6 17. Na4 Qxd2 18. Rxd2 Rd8 19. Nb6 Rab8 20. f4 f5 21. Bf3 fxe4
22. Bxe4 Bf5 23. Bxf5 gxf5 24. Rd5 e6 25. Rd2 Kf7 26. Rcd1 Ke7 27. Bf2 Bf6 28.
Kf1 h5 29. Ke2 Rg8 30. Rxd6 Rxg2 31. Rd7+ Ke8 32. Kf3 Rg6 33. Rh7 Rd8 34. Rxd8+
Nxd8 35. Nd7 Bc3 36. Nc5 Bg7 37. Bh4 Nc6 38. Nxe6 Rxe6 39. Rxg7 Nd4+ 40. Kf2 b5
41. Rg8+ Kf7 42. Rd8 Re4 43. Bg5 bxc4 44. bxc4 Ne6 45. Rd5 Nxg5 46. Rxf5+ Ke6
47. Rxg5 Rxf4+ 48. Kg3 Rxc4 49. Rg6+ Kf5 50. Rxa6 h4+ 51. Kg2 Rc2+ 52. Kf3 Rc3+
53. Kg2 Rc2+ 54. Kf3 Rc3+ 55. Kg2 Rc2+ 56. Kf3 1/2-1/2

[Event "Druzynowe Mistrzostwa Polski II Liga"]
[Site "Szklarska Poreba"]
[Date "1899-12-30"]
[Round "8.24"]
[White "Richterova, Natasa"]
[Black "Debowiak, Arleta"]
[Result "1-0"]
[WhiteTitle "WIM"]
[BlackTitle "k"]
[WhiteElo "2188"]
[BlackElo "1838"]

1. e4 d6 2. d4 Nf6 3. Nc3 g6 4. Bc4 Bg7 5. Nf3 O-O 6. O-O c6 7. Bb3 Qc7 8. h3 e5
9. dxe5 dxe5 10. a4 Nbd7 11. Be3 Rd8 12. Qe2 h6 13. a5 Nf8 14. Rfd1 Rxd1+ 15.
Qxd1 Be6 16. Nd2 Bxb3 17. Nxb3 Ne6 18. Qe2 Nh5 19. Qc4 Nhf4 20. Nc5 Nxc5 21. Qxc5
Ne6 22. Qc4 Nd4 23. Ne2 Ne6 24. g3 h5 25. h4 Kh7 26. b4 Bh6 27. Bxh6 Kxh6 28.
Rd1 Kg7 29. Kg2 Rd8 30. Rxd8 Qxd8 31. a6 Qb6 32. Qc3 Qxa6 33. Qxe5+ Kf8 34. Ng1
Qc4 35. c3 Qd3 36. Nf3 Qc2 37. Qh8+ Ke7 38. Qe5 Kf8 39. Nd4 Nxd4 40. cxd4 Qc4
41. d5 cxd5 42. exd5 Qb5 43. Qe4 a6 44. Kh2 Qd7 45. Qe5 Qf5 46. Qd4 Ke7 47. d6+
Kd7 48. Qb6 Qf3 49. Qc7+ Ke6 50. Qe7+ Kd5 51. Qxb7+ 1-0

[Event "Druzynowe Mistrzostwa Polski II Liga"]
[Site "Szklarska Poreba"]
[Date "1899-12-30"]
[Round "8.25"]
[White "Janaszak, Dawid"]
[Black "Buraczewski, Rafal"]
[Result "1/2-1/2"]
[WhiteTitle "FM"]
[BlackTitle "k"]
[WhiteElo "2382"]
[BlackElo "2220"]

1. e4 e6 2. d4 d5 3. Bd3 Nf6 4. e5 Nfd7 5. Ne2 c5 6. c3 Nc6 7. O-O cxd4 8. cxd4
Nb4 9. Bb5 a6 10. Ba4 b5 11. Bb3 a5 12. a3 Nc6 13. Nf4 Nb6 14. Nc3 Ba6 15. Re1
b4 16. Ncxd5 Nxd5 17. Bxd5 exd5 18. e6 Bc8 19. Bd2 Bxe6 20. Nxe6 fxe6 21. Rxe6+
Ne7 22. Qh5+ g6 23. Qe5 Rg8 24. Re1 Ra7 25. Bg5 Rg7 26. Bh6 Rg8 27. Rd6 Rd7 28.
Rxd7 Qxd7 29. Bg5 Qf5 30. Qb8+ Kf7 31. h4 Qd7 32. Qf4+ Nf5 33. Rc1 Bd6 34. Qf3
Kg7 35. g4 h6 36. gxf5 hxg5 37. f6+ Kh8 38. hxg5 Qf7 39. Kg2 Rd8 40. Rh1+ Kg8
41. Qh3 Kf8 42. Re1 Kg8 43. Rh1 Kf8 44. Re1 Kg8 45. Rh1 Kf8 46. Re1 Kg8 47. Rh1
Kf8 1/2-1/2

[Event "Druzynowe Mistrzostwa Polski II Liga"]
[Site "Szklarska Poreba"]
[Date "1899-12-30"]
[Round "8.26"]
[White "Mickiewicz, Piotr"]
[Black "Dudzinski, Piotr"]
[Result "1-0"]
[WhiteTitle "m"]
[BlackTitle "FM"]
[WhiteElo "2295"]
[BlackElo "2341"]

1. e4 e6 2. d4 d5 3. Nd2 c5 4. exd5 exd5 5. Ngf3 Nf6 6. Bb5+ Bd7 7. Qe2+ Be7 8.
dxc5 O-O 9. Nb3 Re8 10. Be3 Bxc5 11. Bxd7 Nbxd7 12. Nxc5 Nxc5 13. Qb5 Qc7 14.
O-O Nce4 15. c3 Ng4 16. Rfe1 Nxe3 17. Rxe3 Nf6 18. Rae1 Re4 19. R3e2 a6 20. Qd3
Rae8 21. Nd2 Rxe2 22. Rxe2 Re6 23. Nb3 Qf4 24. g3 Qd6 25. Nd4 Rxe2 26. Qxe2 g6
27. f3 h5 28. Qe3 Kh7 29. Kf2 h4 30. Qg5 hxg3+ 31. hxg3 Qb6 32. b3 Qd6 33. a4
Nh5 34. b4 b6 35. Ne2 a5 36. g4 Ng7 37. Qf4 Qd7 38. Qh2+ Kg8 39. Qb8+ Kh7 40.
Qh2+ Kg8 41. Qb8+ Kh7 42. Qxb6 axb4 43. Qxb4 f5 44. g5 Ne6 45. a5 Qc7 46. Qb6
Qh2+ 47. Ke1 Qh4+ 48. Kd1 Qa4+ 49. Kd2 Qa2+ 50. Ke1 Nxg5 51. Qc7+ Kh6 52. Qf4
d4 53. Qh4+ Kg7 54. Qxg5 Qa1+ 55. Kf2 d3 56. Qe7+ Kh6 57. Qh4+ Kg7 58. Qd4+ 1-0

[Event "Druzynowe Mistrzostwa Polski II Liga"]
[Site "Szklarska Poreba"]
[Date "1899-12-30"]
[Round "8.27"]
[White "Dudzinski, Pawel"]
[Black "Pazderski, Ziemowit"]
[Result "1/2-1/2"]
[WhiteTitle "FM"]
[BlackTitle "k+"]
[WhiteElo "2244"]
[BlackElo "2266"]

1. e4 d5 2. exd5 Qxd5 3. Nc3 Qd6 4. d4 Nf6 5. Nf3 a6 6. g3 Bg4 7. Bg2 Nc6 8. O-O
O-O-O 9. d5 Ne5 10. Bf4 Bxf3 11. Bxf3 Nxf3+ 12. Qxf3 e5 13. dxe6 Qxe6 14. Bg5
h5 15. Rfe1 Qg4 16. Qxg4+ hxg4 17. Ne4 Be7 18. Nxf6 Bxf6 19. Bxf6 gxf6 20. Rad1
f5 21. Kg2 Rh6 22. Rxd8+ Kxd8 23. Re5 Rh5 24. c4 Kd7 25. b4 f6 26. Rd5+ Ke7 27.
b5 axb5 28. Rxb5 b6 29. a4 Kd6 30. a5 bxa5 31. Rd5+ Ke6 32. Rxa5 c6 33. Rc5 Kd7
34. Ra5 Kd6 35. f3 gxf3+ 36. Kxf3 Rxh2 37. Rxf5 Ke6 38. Rc5 Kd6 39. Rf5 Ke6 40.
Ke4 Ke5+ 1/2-1/2

[Event "Druzynowe Mistrzostwa Polski II Liga"]
[Site "Szklarska Poreba"]
[Date "1899-12-30"]
[Round "8.28"]
[White "Maciaga, Marcin"]
[Black "Wlodarczyk, Oskar"]
[Result "0-1"]
[WhiteTitle "k+"]
[BlackTitle "FM"]
[WhiteElo "2090"]
[BlackElo "2281"]

1. g3 Nf6 2. Bg2 g6 3. c4 Bg7 4. Nf3 c6 5. Nc3 d6 6. Rb1 O-O 7. O-O Re8 8. b4 e5
9. b5 d5 10. bxc6 Nxc6 11. cxd5 Nxd5 12. Nxd5 Qxd5 13. Qa4 e4 14. Ne1 Bg4 15.
f3 Bf5 16. fxe4 Bxe4 17. Rxb7 Nd4 18. Rfxf7 Nxe2+ 19. Kh1 Bd4 20. Qa3 Nf4 21.
h4 Bxg2+ 22. Kh2 Bg1+ 23. Kxg1 Rxe1+ 24. Kf2 Qd4+ 25. Qe3 Rf1# 0-1

[Event "Druzynowe Mistrzostwa Polski II Liga"]
[Site "Szklarska Poreba"]
[Date "1899-12-30"]
[Round "8.29"]
[White "Chmielarz, Maciej"]
[Black "Krasiewicz, Robert"]
[Result "0-1"]
[WhiteTitle "I+"]
[BlackTitle "k+"]
[WhiteElo "1950"]
[BlackElo "2005"]

1. d4 f5 2. c4 d6 3. Nc3 Nf6 4. h4 e5 5. dxe5 dxe5 6. Qxd8+ Kxd8 7. Bg5 Nbd7 8.
O-O-O c6 9. e4 fxe4 10. Nxe4 Kc7 11. Nxf6 gxf6 12. Be3 Nc5 13. Be2 Rg8 14. g3
Bf5 15. Nf3 a5 16. h5 a4 17. Nh4 Bg4 18. f3 Be6 19. g4 Be7 20. Nf5 Bxf5 21. gxf5
a3 22. Rhg1 axb2+ 23. Kxb2 Na4+ 24. Kc2 Bc5 25. Rxg8 Rxg8 26. Bd2 Rg2 27. Re1
Rh2 28. h6 Bf2 29. Rf1 Bh4 30. Bd1 Bg5 31. f4 Bxh6 32. Kc1 Nc5 33. Bc2 Nd7 34.
Be4 Rh4 35. Kc2 Bxf4 36. Be1 Rh2+ 37. Kb1 Nc5 38. Bc2 h5 39. Rg1 h4 40. Bb4 Kb6
41. a4 Na6 42. Be7 Bg5 43. Rd1 h3 44. Bd8+ Kc5 45. Bd3 Kb4 46. Be7+ Kb3 47. Ka1
Ra2+ 48. Kb1 h2 49. Be4 Re2 50. Bd3 Rg2 51. Bf1 h1=Q 52. Rd3+ Kxc4 53. Rd1+ Qxf1
0-1

[Event "Druzynowe Mistrzostwa Polski II Liga"]
[Site "Szklarska Poreba"]
[Date "1899-12-30"]
[Round "8.30"]
[White "Andrejczuk, Beata"]
[Black "Czerwinska, Milena"]
[Result "0-1"]
[WhiteTitle "WFM"]
[BlackTitle "WFM"]
[WhiteElo "2088"]
[BlackElo "2013"]

1. e4 c5 2. Nc3 Nc6 3. f4 g6 4. Nf3 Bg7 5. Bc4 e6 6. d3 Nge7 7. O-O O-O 8. Qe1
d5 9. Bb3 Nd4 10. Nxd4 cxd4 11. Nd1 dxe4 12. dxe4 a5 13. Nf2 Qc7 14. a4 b6 15.
Ng4 Bb7 16. f5 exf5 17. Nh6+ Bxh6 18. Bxh6 Bxe4 19. Qh4 Nc6 20. Bxf8 Rxf8 21.
Rad1 Qe5 22. Qh6 Rd8 23. Rde1 Nb4 24. Rf4 Qg7 25. Qg5 Rd7 26. Rh4 h5 27. Qf4 Bxc2
28. Bxc2 Nxc2 29. Re8+ Kh7 30. Rxh5+ gxh5 31. Qxf5+ Qg6 32. Qxd7 Ne3 33. Qb7 Qb1+
34. Kf2 Qc2+ 35. Kg3 Qg6+ 36. Kf2 Qc2+ 37. Kg3 Qg6+ 38. Kf2 Qc2+ 39. Kg3 Nf5+
40. Kf4 Nd6 41. Qa8 Qf2+ 42. Ke5 Nxe8 43. Kd5 0-1

[Event "Druzynowe Mistrzostwa Polski II Liga"]
[Site "Szklarska Poreba"]
[Date "1899-12-30"]
[Round "8.31"]
[White "Mroziak, Maciej"]
[Black "Molenda, Marcin"]
[Result "1/2-1/2"]
[WhiteTitle "IM"]
[BlackTitle "FM"]
[WhiteElo "2406"]
[BlackElo "2411"]

1. e4 e5 2. Nf3 Nc6 3. d4 exd4 4. Nxd4 Nf6 5. Nxc6 bxc6 6. Bd3 d5 7. exd5 cxd5
8. O-O Be7 9. h3 O-O 10. Nd2 Rb8 11. Re1 Re8 12. c3 Bd6 13. Rxe8+ Qxe8 14. Nf3
h6 15. Qc2 Bd7 16. Be3 c5 17. Re1 Qc8 18. Bc1 Qc7 19. Nh4 Qa5 20. Nf5 Bxf5 21.
Bxf5 Qxa2 22. Qd1 Qc4 23. Bd3 Qh4 24. Qf3 a5 25. Bf5 Qa4 26. Bd3 Re8 27. Rxe8+
Qxe8 28. Bd2 Qe5 29. g3 c4 30. Bc2 Bc5 31. Kg2 Kf8 32. Bf4 Qe6 33. Bf5 Qe1 34.
Bc7 a4 35. Bc2 Ne4 36. Qf5 Qxf2+ 37. Qxf2 Nxf2 38. Bxa4 Ke7 39. b4 cxb3 40. Bxb3
Ne4 41. Be5 f6 1/2-1/2

[Event "Druzynowe Mistrzostwa Polski II Liga"]
[Site "Szklarska Poreba"]
[Date "1899-12-30"]
[Round "8.32"]
[White "Czerw, Dawid"]
[Black "Wandzik, Wojciech"]
[Result "0-1"]
[WhiteTitle "k"]
[BlackTitle "m"]
[WhiteElo "2260"]
[BlackElo "2396"]

1. d4 Nf6 2. c4 e6 3. Nf3 b6 4. g3 Ba6 5. Qc2 Bb4+ 6. Bd2 Be7 7. e4 d5 8. cxd5
Bxf1 9. Kxf1 exd5 10. e5 Ne4 11. Nc3 Nxc3 12. bxc3 c5 13. h4 Nc6 14. Re1 Qd7 15.
e6 fxe6 16. Ng5 Bxg5 17. hxg5 cxd4 18. Rxh7 O-O-O 19. g6 e5 20. cxd4 e4 21. Rc1
Rxh7 22. gxh7 Kb7 23. Kg2 Rh8 24. Rh1 Qf5 25. Rc1 Qf3+ 26. Kg1 Qf6 27. a4 Rxh7
28. a5 Rh8 29. Qa4 Rc8 30. Bf4 a6 31. axb6 Qxd4 32. Qb3 Na5 33. Rxc8 Nxb3 34.
Rb8+ Kc6 35. Rc8+ Kb7 36. Rb8+ Kc6 37. Rc8+ Kxb6 38. Be3 Kb7 39. Bxd4 Kxc8 40.
Bxg7 Kd7 41. Kf1 d4 42. Ke2 Ke6 43. g4 a5 44. f4 a4 45. Bf8 d3+ 46. Ke3 d2 47.
Ke2 e3 48. f5+ Kd5 49. Bb4 Nc1+ 50. Kd1 Nd3 51. Bxd2 exd2 0-1

[Event "Druzynowe Mistrzostwa Polski II Liga"]
[Site "Szklarska Poreba"]
[Date "1899-12-30"]
[Round "8.33"]
[White "Gola, Karol"]
[Black "Hrtanek, Jiri"]
[Result "1-0"]
[WhiteTitle "k"]
[BlackTitle "I"]
[WhiteElo "2207"]
[BlackElo "1986"]

1. e4 c5 2. Nf3 Nc6 3. Bb5 g6 4. Bxc6 dxc6 5. d3 Bg7 6. h3 b6 7. Nc3 e5 8. Be3
f6 9. Nd2 Ne7 10. f4 O-O 11. fxe5 fxe5 12. Nf3 h6 13. Qd2 Kh7 14. O-O-O Be6 15.
Qe2 Qd6 16. g4 Rf7 17. Rdg1 Raf8 18. Rg3 a5 19. Qg2 b5 20. h4 Bxg4 21. Ng5+ hxg5
22. Rxg4 Kg8 23. Bxg5 Rf2 24. Qh3 R2f3 25. Rg3 Rxg3 26. Qxg3 Rf7 27. Rg1 Kh7 28.
Qg4 Bh6 29. Nd1 Ng8 30. Ne3 Nf6 31. Qg2 Qe6 32. Bxh6 Kxh6 33. Qxg6# 1-0

[Event "Druzynowe Mistrzostwa Polski II Liga"]
[Site "Szklarska Poreba"]
[Date "1899-12-30"]
[Round "8.34"]
[White "Rydzewski, Pawel"]
[Black "Lizak, Jakub"]
[Result "1/2-1/2"]
[WhiteTitle "I"]
[BlackTitle "k"]
[WhiteElo "1938"]
[BlackElo "2222"]

1. d4 Nf6 2. Nf3 c5 3. c3 d5 4. Bf4 Nc6 5. e3 Qb6 6. Qc2 Bf5 7. dxc5 Bxc2 8. cxb6
axb6 9. Na3 Ba4 10. Nb5 Bxb5 11. Bxb5 Nd7 12. Ne5 Ndxe5 13. Bxe5 O-O-O 14. Bg3
e6 15. Ke2 Bd6 16. a4 Kc7 17. Rhd1 Bxg3 18. hxg3 Rd6 19. Rac1 h6 20. c4 dxc4 21.
Rxd6 Kxd6 22. Rxc4 Rg8 23. Rc1 Rc8 24. Rc4 Rg8 25. Rc1 Rc8 26. Rc4 Rg8 27. Rc1
Rc8 28. Rc4 1/2-1/2

[Event "Druzynowe Mistrzostwa Polski II Liga"]
[Site "Szklarska Poreba"]
[Date "1899-12-30"]
[Round "8.35"]
[White "Szolc, Grzegorz"]
[Black "Galuszka, Tomasz"]
[Result "1-0"]
[WhiteTitle "I+"]
[BlackTitle "I"]
[WhiteElo "1995"]
[BlackElo "1895"]

1. d4 d5 2. Bf4 Nf6 3. e3 Bf5 4. c4 c6 5. Nd2 e6 6. Qb3 Qb6 7. c5 Qxb3 8. axb3
Nbd7 9. b4 a6 10. b5 cxb5 11. Bxb5 Rc8 12. Be2 Be7 13. h3 O-O 14. Ngf3 Ne4 15.
b4 Nc3 16. Bf1 f6 17. Nb3 Bd8 18. Nfd2 e5 19. Bh2 Re8 20. g4 Bg6 21. Bg2 Bd3 22.
Rc1 exd4 23. Nxd4 Ne4 24. Nxe4 dxe4 25. Nf5 Bc7 26. Bxc7 Rxc7 27. Kd2 Ne5 28.
Kc3 b6 29. Kb3 bxc5 30. Rxc5 Rxc5 31. bxc5 Rb8+ 32. Kc3 Rb5 33. Kd4 Rb4+ 34. Kd5
Bc4+ 35. Kd6 Nf7+ 36. Kc7 Bb5 37. Rc1 Ne5 38. Nd6 Nd3 39. Rc3 Nxf2 40. c6 Nd1
41. Nxb5 axb5 42. Ra3 Rc4 43. Kb7 b4 44. Rb3 Rc5 45. c7 Rb5+ 46. Kc6 1-0

[Event "Druzynowe Mistrzostwa Polski II Liga"]
[Site "Szklarska Poreba"]
[Date "1899-12-30"]
[Round "8.36"]
[White "Buchta, Agnieszka"]
[Black "Mazur, Anna"]
[Result "1/2-1/2"]
[WhiteTitle "I++"]
[BlackTitle "I+"]
[WhiteElo "1835"]
[BlackElo "1693"]

1. e4 c5 2. Nc3 e6 3. f4 a6 4. Nf3 Qc7 5. d3 Nc6 6. g3 Be7 7. Bg2 d6 8. O-O Nf6
9. Qe1 O-O 10. h3 b5 11. g4 Bb7 12. g5 Nd7 13. f5 b4 14. Ne2 exf5 15. exf5 Nce5
16. Nxe5 Bxg2 17. Nxd7 Bxf1 18. Nxf8 Bxe2 19. Qxe2 Bxf8 20. Bd2 Qd7 21. Qf3 Re8
22. Rf1 g6 23. f6 Re5 24. b3 d5 25. Bf4 Rf5 26. Qe3 Qe6 27. Qg3 c4 28. d4 Qe4
29. Qe3 Qxe3+ 30. Bxe3 Rxf1+ 31. Kxf1 cxb3 32. cxb3 Bd6 33. Kf2 Kf8 34. Kf3 Ke8
35. Bf4 Kd7 36. Ke4 1/2-1/2

[Event "Druzynowe Mistrzostwa Polski II Liga"]
[Site "Szklarska Poreba"]
[Date "1899-12-30"]
[Round "8.37"]
[White "Voloshin, Leonid"]
[Black "Cichocki, Adam"]
[Result "1/2-1/2"]
[WhiteTitle "GM"]
[BlackTitle "FM"]
[WhiteElo "2345"]
[BlackElo "2292"]

1. d4 d5 2. c4 c6 3. e3 Nf6 4. Nc3 e6 5. Nf3 Nbd7 6. Bd3 Bd6 7. e4 dxe4 8. Nxe4
Nxe4 9. Bxe4 e5 10. O-O exd4 11. Qxd4 Qf6 12. Qxf6 Nxf6 13. Bc2 O-O 14. h3 Nh5
15. Be3 Bf4 16. Rfe1 Be6 17. b3 Bxe3 18. Rxe3 h6 19. Nd4 Rfe8 20. Nxe6 Rxe6 21.
Rxe6 fxe6 22. Rd1 Nf6 23. Kf1 Kf7 24. Ke2 Ke7 25. Ke3 c5 26. Be4 Rb8 27. Rd2 b6
28. Bf3 Rd8 29. Rxd8 Kxd8 30. h4 Kc7 1/2-1/2